[Event "Lindores Abbey Rapid Challenge"]
[Site "chess24.com INT"]
[Date "2020.05.21"]
[Round "11.5"]
[White "Daniil Dubov"]
[Black "Levon Aronian"]
[Result "1/2-1/2"]
[EventDate "2020.05.19"]
[WhiteElo "2699"]
[BlackElo "2773"]
[PlyCount "71"]

1. d4 Nf6 2. Nf3 d5 3. c4 e6 4. Nc3 Be7 5. Bf4 O-O 6. e3 Nbd7 7. c5 Nh5 8. Bd3 Nxf4 9. exf4 b6 10. b4 a5 11. a3 c6 12. O-O Ba6 13. Bxa6 Rxa6 14. Qc2 Qc7 15. g3 Rfa8 16. Rab1 axb4 17. axb4 Bf6 18. Kg2 h6 19. h4 bxc5 20. bxc5 Ra3 21. Rb3 Rxb3 22. Qxb3 Qa5 23. Rc1 Rb8 24. Qa2 Qxa2 25. Nxa2 Rb2 26. Nc3 Kf8 27. Rb1 Rxb1 28. Nxb1 Ke7 29. Na3 Nb8 30. Nc2 Na6 31. Kf1 h5 32. Ke2 Kd7 33. Kd3 Ke7 34. Ke2 Kd7 35. Kd3 Ke7 36. Ke2 1/2-1/2

[Event "Lindores Abbey Rapid Challenge"]
[Site "chess24.com INT"]
[Date "2020.05.20"]
[Round "5.5"]
[White "Jan-Krzysztof Duda"]
[Black "Daniil Dubov"]
[Result "1-0"]
[EventDate "2020.05.19"]
[WhiteElo "2753"]
[BlackElo "2699"]
[PlyCount "87"]

1. c4 g6 2. Nc3 c5 3. g3 Bg7 4. Bg2 Nc6 5. Nf3 d6 6. d3 e6 7. Bf4 Nge7 8. h4 h6 9. Qc1 e5 10. Bd2 Be6 11. Rb1 Rc8 12. a3 f5 13. b4 cxb4 14. axb4 d5 15. c5 e4 16. Nh2 h5 17. Nb5 O-O 18. Nd6 Rc7 19. Bf4 b6 20. O-O Qd7 21. Qd2 bxc5 22. bxc5 a5 23. Rfc1 Ra7 24. e3 exd3 25. Nf3 a4 26. Nb5 Rb7 27. Qxd3 Ra8 28. Ng5 Rxb5 29. Qxb5 a3 30. Bd6 a2 31. Ra1 Bf6 32. Qb3 Bxg5 33. hxg5 d4 34. Qb2 Kh7 35. Bxe7 Qxe7 36. Bxc6 Rc8 37. Bf3 dxe3 38. Qf6 exf2+ 39. Kxf2 Qxf6 40. gxf6 Kg8 41. c6 Rc7 42. Be2 Kf7 43. Rc5 Kxf6 44. Bc4 1-0

[Event "Lindores Abbey Rapid Challenge"]
[Site "chess24.com INT"]
[Date "2020.05.20"]
[Round "6.2"]
[White "Daniil Dubov"]
[Black "Wesley So"]
[Result "1-0"]
[EventDate "2020.05.19"]
[WhiteElo "2699"]
[BlackElo "2770"]
[PlyCount "81"]

1. e4 e5 2. Nc3 Nf6 3. d4 exd4 4. Qxd4 Nc6 5. Qd3 d5 6. Bf4 dxe4 7. Qxd8+ Nxd8 8. Bxc7 Bb4 9. O-O-O Nc6 10. Bb5 Bxc3 11. Rd8+ Ke7 12. Rxh8 Be5 13. Bxc6 Bxc7 14. Ba4 a6 15. Ne2 b5 16. Bb3 Bb6 17. Rf1 Bb7 18. Rxa8 Bxa8 19. c3 Ng4 20. Nd4 Nxh2 21. Rh1 Bc7 22. Nf5+ Kf6 23. Ne3 Bf4 24. g3 Bxe3+ 25. fxe3 Ng4 26. Rf1+ Kg6 27. Rxf7 Nxe3 28. Ra7 Bd5 29. Rxa6+ Kf5 30. Kd2 Nf1+ 31. Ke1 Bxb3 32. Kxf1 Bc4+ 33. Kf2 h5 34. a4 bxa4 35. Rxa4 Bd3 36. Rd4 g5 37. b4 h4 38. gxh4 gxh4 39. b5 Kf4 40. Rxd3 exd3 41. b6 1-0

[Event "Lindores Abbey Rapid Challenge"]
[Site "chess24.com INT"]
[Date "2020.05.20"]
[Round "7.6"]
[White "Sergey Karjakin"]
[Black "Daniil Dubov"]
[Result "1/2-1/2"]
[EventDate "2020.05.19"]
[WhiteElo "2752"]
[BlackElo "2699"]
[PlyCount "53"]

1. e4 e5 2. Nf3 d6 3. d4 exd4 4. Nxd4 Nf6 5. Nc3 Be7 6. g3 O-O 7. Bg2 Re8 8. O-O c6 9. h3 Bf8 10. g4 h6 11. a4 a5 12. Nde2 Na6 13. Ng3 Nc5 14. Be3 Qb6 15. Bd4 Nh7 16. b3 Bd7 17. f4 Rad8 18. Qd2 Qb4 19. Rad1 Bc8 20. f5 Nf6 21. g5 hxg5 22. Qxg5 Ncd7 23. Rf4 Nh7 24. Qh5 Nhf6 25. Qg5 Nh7 26. Qh5 Nhf6 27. Qg5 1/2-1/2

[Event "Lindores Abbey Rapid Challenge"]
[Site "chess24.com INT"]
[Date "2020.05.20"]
[Round "8.1"]
[White "Alexander Grischuk"]
[Black "Daniil Dubov"]
[Result "0-1"]
[EventDate "2020.05.19"]
[WhiteElo "2777"]
[BlackElo "2699"]
[PlyCount "110"]

1. e4 e5 2. Nf3 d6 3. d4 exd4 4. Nxd4 Nf6 5. Nc3 Be7 6. Bd3 O-O 7. O-O Re8 8. h3 Nbd7 9. a4 a5 10. f4 Nc5 11. Qf3 Bf8 12. Re1 d5 13. e5 Nfe4 14. Be3 Nxc3 15. bxc3 Bd7 16. c4 Nxd3 17. cxd3 Bb4 18. Red1 dxc4 19. dxc4 Bc3 20. Ra3 Bxd4 21. Bxd4 Qe7 22. c5 Bc6 23. Qf2 Rad8 24. Rd2 f5 25. exf6 Qe1+ 26. Qxe1 Rxe1+ 27. Kf2 Re4 28. Be3 Rxd2+ 29. Bxd2 gxf6 30. Bxa5 Rxf4+ 31. Ke3 Re4+ 32. Kd3 Re7 33. g4 Kf7 34. Bc3 Bg2 35. h4 Re4 36. c6 Rxg4 37. cxb7 Bxb7 38. Be1 f5 39. Rc3 c6 40. a5 Ke6 41. Kd2 Rd4+ 42. Rd3 Ra4 43. Re3+ Kf7 44. Kc2 f4 45. Re5 Ba6 46. Kb3 Ra1 47. Bc3 Rb1+ 48. Kc2 Rf1 49. Kd2 Rf2+ 50. Ke1 Rf1+ 51. Kd2 Rf3 52. Rh5 Rd3+ 53. Kc2 f3 54. Rh6 Rxc3+ 55. Kxc3 f2 0-1

[Event "Lindores Abbey Rapid Challenge"]
[Site "chess24.com INT"]
[Date "2020.05.19"]
[Round "1.3"]
[White "Ding Liren"]
[Black "Daniil Dubov"]
[Result "1-0"]
[EventDate "2020.05.19"]
[WhiteElo "2791"]
[BlackElo "2699"]
[PlyCount "119"]

1. e4 c5 2. Nf3 Nc6 3. Bb5 g6 4. Bxc6 bxc6 5. O-O Bg7 6. Re1 Nh6 7. c3 O-O 8. h3 f5 9. e5 Nf7 10. d4 cxd4 11. cxd4 Bb7 12. Na3 c5 13. dxc5 Qa5 14. Be3 Qb4 15. Nc2 Qxb2 16. Ncd4 Be4 17. Re2 Qb7 18. Rc1 Rac8 19. Bf4 e6 20. Rd2 Bd5 21. h4 h6 22. Bg3 Rfe8 23. a4 a6 24. Rd3 Rc7 25. Qd2 Be4 26. Rdc3 Qd5 27. Qe3 Bf8 28. c6 dxc6 29. Nxc6 Bxf3 30. gxf3 Qa2 31. Qb6 Rd7 32. Qxa6 Ba3 33. Rf1 g5 34. f4 g4 35. Qc4 Qxc4 36. Rxc4 Ra8 37. Ra1 Rd3 38. Kg2 Ra6 39. h5 Bb2 40. Ra2 Rc3 41. Ne7+ Kf8 42. Ng6+ Kg7 43. Rxc3 Bxc3 44. Bh4 Bb4 45. Bf6+ Kg8 46. Rc2 Ra8 47. Rc6 Nd8 48. Rc7 Nf7 49. Rc4 Ba5 50. Rc6 Re8 51. f3 Rb8 52. fxg4 Rb2+ 53. Kf3 Rb3+ 54. Ke2 fxg4 55. Rc8+ Kh7 56. Nf8+ Kg8 57. Nxe6+ Kh7 58. Nf8+ Kg8 59. Ng6+ Kh7 60. e6 1-0

[Event "Lindores Abbey Rapid Challenge"]
[Site "chess24.com INT"]
[Date "2020.05.19"]
[Round "3.4"]
[White "Yu Yangyi"]
[Black "Daniil Dubov"]
[Result "1-0"]
[EventDate "2020.05.19"]
[WhiteElo "2709"]
[BlackElo "2699"]
[PlyCount "101"]

1. d4 Nf6 2. c4 e6 3. Nc3 d5 4. cxd5 exd5 5. Bg5 Bb4 6. e3 h6 7. Bh4 g5 8. Bg3 Ne4 9. a3 Bxc3+ 10. bxc3 h5 11. f3 Nxg3 12. hxg3 Qd6 13. g4 h4 14. Bd3 Nc6 15. Nh3 Qg3+ 16. Kf1 Rg8 17. Qb3 Qd6 18. c4 dxc4 19. Bxc4 Qe7 20. Nf2 Kf8 21. Qc3 Bd7 22. e4 Rd8 23. Rd1 b6 24. Kg1 Na5 25. Ba2 Ba4 26. Rd2 c5 27. d5 c4 28. e5 Re8 29. Ne4 Rg6 30. Kf2 Nb7 31. d6 Qxe5 32. d7 Bxd7 33. Qxe5 Rxe5 34. Rxd7 Nc5 35. Nxc5 Rxc5 36. Rc1 b5 37. Bb1 Ra6 38. Rc3 Ke8 39. Rb7 Rd5 40. Ke3 Re6+ 41. Be4 a6 42. a4 Kf8 43. Ra3 bxa4 44. Rxa4 c3 45. Rc4 Rd2 46. Rxc3 Rxg2 47. Rcc7 Rf6 48. Rb8+ Kg7 49. Rc5 Rh6 50. Rxg5+ Kf6 51. Kf4 1-0

[Event "FIDE Online Steinitz Memorial"]
[Site "chess24.com INT"]
[Date "2020.05.17"]
[Round "13"]
[White "Daniil Dubov"]
[Black "David Anton Guijarro"]
[Result "1-0"]
[EventDate "2020.05.15"]
[WhiteElo "2699"]
[BlackElo "2703"]
[PlyCount "107"]

1. d4 d5 2. c4 dxc4 3. e4 Nf6 4. e5 Nd5 5. Bxc4 Bf5 6. Nc3 e6 7. Bxd5 exd5 8. Nge2 Qd7 9. Be3 Nc6 10. a3 Be7 11. O-O O-O 12. Nf4 Be6 13. b4 f6 14. Nxe6 Qxe6 15. f4 fxe5 16. fxe5 Rxf1+ 17. Qxf1 Rf8 18. Qb5 Nd8 19. Qxd5 c6 20. Qxe6+ Nxe6 21. d5 cxd5 22. Nxd5 Bg5 23. Bxa7 Rd8 24. Rd1 Nc7 25. Nc3 Rxd1+ 26. Nxd1 Kf7 27. Kf2 Ke6 28. Be3 Be7 29. Nc3 Kxe5 30. Ke2 Ne6 31. Kd3 g5 32. g3 g4 33. Nb5 h5 34. Nc3 h4 35. gxh4 Bxh4 36. a4 Be7 37. b5 Bd8 38. Kc4 Ba5 39. Bf2 Kf4 40. Bg3+ Kf3 41. Nd5 Kg2 42. Ne3+ Kh3 43. Kd5 Ng5 44. Nc4 Bd8 45. a5 Nf3 46. a6 bxa6 47. bxa6 Nxh2 48. Bxh2 Kxh2 49. a7 g3 50. a8=Q g2 51. Nd2 Kg3 52. Qb8+ Kf2 53. Qf4+ Ke1 54. Qe3+ 1-0

[Event "FIDE Online Steinitz Memorial"]
[Site "chess24.com INT"]
[Date "2020.05.17"]
[Round "14"]
[White "Alexander Grischuk"]
[Black "Daniil Dubov"]
[Result "1-0"]
[EventDate "2020.05.15"]
[WhiteElo "2777"]
[BlackElo "2699"]
[PlyCount "109"]

1. e4 Nf6 2. e5 Nd5 3. d4 d6 4. Nf3 g6 5. Bc4 Nb6 6. Bb3 Bg7 7. Ng5 e6 8. Qf3 Qe7 9. Ne4 h6 10. exd6 cxd6 11. Bf4 d5 12. Nd6+ Kf8 13. c3 h5 14. Nd2 Nc6 15. O-O g5 16. Nxc8 Nxc8 17. Be3 Nd6 18. Rfe1 g4 19. Qe2 Bh6 20. Nf1 Qf6 21. Bc2 Ne7 22. Bd3 Nef5 23. Bxh6+ Rxh6 24. Qd2 Kg7 25. Re5 Rg8 26. Rae1 Kh8 27. a4 Qg7 28. Qf4 h4 29. Ne3 g3 30. fxg3 hxg3 31. h3 Rh4 32. Qf3 Nxe3 33. R1xe3 Qh6 34. Qe2 Rg5 35. Rf3 Rhh5 36. Rxg5 Rxg5 37. Qe3 Qg7 38. Qf4 Nf5 39. Bxf5 exf5 40. Re3 Kh7 41. Kf1 Qg6 42. Ke2 Qh5+ 43. Kd2 Rg7 44. Re5 Rg5 45. Rxd5 Qg6 46. Re5 Qf6 47. Re3 Qg6 48. d5 f6 49. d6 Qg8 50. d7 Kg6 51. Qd6 f4 52. d8=Q fxe3+ 53. Kxe3 Re5+ 54. Kd2 Qb3 55. Q8xf6+ 1-0

[Event "FIDE Online Steinitz Memorial"]
[Site "chess24.com INT"]
[Date "2020.05.17"]
[Round "15"]
[White "Daniil Dubov"]
[Black "Bu Xiangzhi"]
[Result "0-1"]
[EventDate "2020.05.15"]
[WhiteElo "2699"]
[BlackElo "2705"]
[PlyCount "90"]

1. d4 Nf6 2. c4 e6 3. Nf3 d5 4. Bg5 Bb4+ 5. Nbd2 dxc4 6. Qa4+ Nc6 7. e3 Qd5 8. Bxf6 gxf6 9. a3 b5 10. Qc2 Be7 11. b3 cxb3 12. Nxb3 f5 13. Bd3 Bb7 14. e4 fxe4 15. Bxe4 Nxd4 16. Nbxd4 Qxe4+ 17. Qxe4 Bxe4 18. Nxb5 O-O 19. O-O Bd3 20. Nxc7 Rac8 21. Rfc1 Bf6 22. Ra2 Rfd8 23. h4 Bf5 24. Rc4 Rd1+ 25. Kh2 Be7 26. g4 Bd3 27. Rc6 Be4 28. Nd5 Bd6+ 29. Rxd6 Bxd5 30. Ne5 Rh1+ 31. Kg3 Bxa2 32. Nd7 Kg7 33. g5 Rc3+ 34. f3 Bd5 35. Ne5 Re3 36. Kf4 Rxe5 37. Kxe5 Rxh4 38. f4 Rh3 39. f5 Re3+ 40. Kd4 Rxa3 41. Rd8 Rf3 42. f6+ Kg6 43. Ke5 Rf5+ 44. Kd6 Kxg5 45. Ke7 Rxf6 0-1

[Event "FIDE Online Steinitz Memorial"]
[Site "chess24.com INT"]
[Date "2020.05.17"]
[Round "16"]
[White "Jeffery Xiong"]
[Black "Daniil Dubov"]
[Result "1-0"]
[EventDate "2020.05.15"]
[WhiteElo "2709"]
[BlackElo "2699"]
[PlyCount "101"]

1. d4 Nf6 2. c4 e6 3. Nc3 Bb4 4. Nf3 d5 5. Qa4+ Nc6 6. cxd5 exd5 7. Bg5 O-O 8. e3 Be7 9. Be2 h6 10. Bh4 Ne4 11. Bxe7 Nxe7 12. Nxe4 dxe4 13. Nd2 f5 14. O-O Be6 15. Rac1 Kh7 16. g3 Nd5 17. Nb3 b6 18. Nd2 a5 19. a3 Qg5 20. Kh1 Rad8 21. Qd1 c5 22. h4 Qf6 23. dxc5 Qxb2 24. Qc2 Qxc2 25. Rxc2 bxc5 26. Nc4 a4 27. Nb2 Ra8 28. Rxc5 Rfb8 29. Bc4 Rxb2 30. Bxd5 Bxd5 31. Rxd5 Kg6 32. Kg2 Rc8 33. Rd4 Rcc2 34. Rxa4 Ra2 35. Ra5 Rcb2 36. a4 Rc2 37. Kg1 Rcb2 38. Kg2 Rc2 39. g4 fxg4 40. h5+ Kf6 41. Kg3 g6 42. Ra6+ Kg5 43. Rxg6+ Kf5 44. Rxg4 Rxa4 45. Rb1 Rc5 46. Rb6 Ke5 47. Rxh6 Kd5 48. Rg5+ Kc4 49. Rxc5+ Kxc5 50. Rh8 Ra1 51. h6 1-0

[Event "FIDE Online Steinitz Memorial"]
[Site "chess24.com INT"]
[Date "2020.05.17"]
[Round "17"]
[White "Magnus Carlsen"]
[Black "Daniil Dubov"]
[Result "1/2-1/2"]
[EventDate "2020.05.15"]
[WhiteElo "2863"]
[BlackElo "2699"]
[PlyCount "80"]

1. e4 e5 2. Nf3 d6 3. d4 exd4 4. Nxd4 Nf6 5. Nc3 Be7 6. g3 O-O 7. Bg2 Re8 8. O-O Nbd7 9. Re1 a5 10. Bf4 Bf8 11. Qd2 Ne5 12. b3 Ng6 13. Be3 h6 14. h3 Bd7 15. f4 c6 16. a4 Qc7 17. Rad1 Rad8 18. Bf2 Qc8 19. Kh2 Qc7 20. Nf3 d5 21. exd5 Rxe1 22. Bxe1 Be6 23. Nd4 Bxd5 24. Nxd5 Nxd5 25. Nf5 Qc8 26. Qxa5 b6 27. Qd2 Qxf5 28. c4 Bb4 29. Qf2 Bxe1 30. Qxe1 Qc2 31. cxd5 cxd5 32. b4 d4 33. a5 bxa5 34. bxa5 d3 35. Qd2 Qa4 36. Bf1 Rd5 37. Bxd3 Qxa5 38. Qxa5 Rxa5 39. Bxg6 fxg6 40. h4 h5 1/2-1/2

[Event "FIDE Online Steinitz Memorial"]
[Site "chess24.com INT"]
[Date "2020.05.17"]
[Round "18"]
[White "Daniil Dubov"]
[Black "Peter Svidler"]
[Result "1/2-1/2"]
[EventDate "2020.05.15"]
[WhiteElo "2699"]
[BlackElo "2723"]
[PlyCount "71"]

1. d4 d6 2. e4 Nf6 3. Nc3 g6 4. Nf3 Bg7 5. Bc4 O-O 6. O-O Nc6 7. d5 Nb8 8. Re1 c6 9. Bg5 b5 10. Bb3 b4 11. Na4 Bb7 12. e5 dxe5 13. Nc5 Qb6 14. Nxb7 Qxb7 15. Nxe5 Nxd5 16. Nxc6 Nxc6 17. Qxd5 e6 18. Qf3 Bxb2 19. Rad1 Qc7 20. h4 Nd4 21. Qe4 Nxb3 22. cxb3 Bc3 23. Re3 Rac8 24. Red3 Qc6 25. Qxc6 Rxc6 26. Rd6 Rxd6 27. Rxd6 h5 28. Be3 a5 29. Ra6 Rd8 30. Rxa5 Rd1+ 31. Kh2 f6 32. g3 e5 33. Kg2 Kf7 34. Rc5 Bd4 35. Bxd4 Rxd4 36. Ra5 1/2-1/2

[Event "FIDE Online Steinitz Memorial"]
[Site "chess24.com INT"]
[Date "2020.05.16"]
[Round "7"]
[White "Daniil Dubov"]
[Black "Jeffery Xiong"]
[Result "1-0"]
[EventDate "2020.05.15"]
[WhiteElo "2699"]
[BlackElo "2709"]
[PlyCount "77"]

1. Nf3 Nf6 2. c4 c5 3. g3 b6 4. Bg2 Bb7 5. O-O g6 6. b3 Bg7 7. Bb2 O-O 8. e3 Na6 9. Qe2 d5 10. cxd5 Nb4 11. Na3 Qxd5 12. Nc4 Qd3 13. Qxd3 Nxd3 14. Bc3 Rfd8 15. a4 Rab8 16. Nfe5 Bxg2 17. Kxg2 Ne4 18. Nc6 Bxc3 19. dxc3 Nxc3 20. Nxe7+ Kg7 21. Nc6 Rbc8 22. Nxd8 Rxd8 23. g4 f5 24. h3 Kf6 25. f4 Ke6 26. Kf3 Rf8 27. g5 Rh8 28. h4 h6 29. Rad1 Nxd1 30. Rxd1 Nb4 31. Rd6+ Ke7 32. Rxg6 hxg5 33. hxg5 Nc2 34. Nd6 Rh3+ 35. Kg2 Rh5 36. Nxf5+ Kd7 37. Kf3 Na1 38. Rd6+ Kc7 39. Rh6 1-0

[Event "FIDE Online Steinitz Memorial"]
[Site "chess24.com INT"]
[Date "2020.05.16"]
[Round "8"]
[White "Peter Svidler"]
[Black "Daniil Dubov"]
[Result "0-1"]
[EventDate "2020.05.15"]
[WhiteElo "2723"]
[BlackElo "2699"]
[PlyCount "82"]

1. Nf3 d5 2. d3 Nf6 3. Nbd2 Nc6 4. e4 e5 5. c3 a5 6. Be2 Be7 7. O-O O-O 8. Re1 Re8 9. Qc2 Bc5 10. h3 dxe4 11. dxe4 Be6 12. Nc4 Qe7 13. Bf1 Rad8 14. Ne3 h6 15. a3 Ra8 16. b3 Red8 17. Bb2 a4 18. b4 Bb3 19. Qe2 Bxe3 20. Qxe3 Nd7 21. c4 Nb6 22. Rac1 Qf6 23. c5 Nc8 24. b5 Nd4 25. Nxd4 exd4 26. Qg3 c6 27. Re3 Ne7 28. Rf3 Qg5 29. Qxg5 hxg5 30. Rd3 cxb5 31. Rxd4 Rxd4 32. Bxd4 Nc6 33. Bc3 Bc4 34. Rb1 Rd8 35. f3 Bxf1 36. Kxf1 Rd3 37. Rc1 Nd4 38. Bxd4 Rxd4 39. Rb1 Rd3 40. Rxb5 Rb3 41. Rxb7 Rxb7 0-1

[Event "FIDE Online Steinitz Memorial"]
[Site "chess24.com INT"]
[Date "2020.05.16"]
[Round "9"]
[White "Daniil Dubov"]
[Black "Magnus Carlsen"]
[Result "1-0"]
[EventDate "2020.05.15"]
[WhiteElo "2699"]
[BlackElo "2863"]
[PlyCount "107"]

1. Nf3 Nf6 2. c4 g6 3. Nc3 Bg7 4. e4 d6 5. d4 O-O 6. Bd3 Bg4 7. Be2 Nfd7 8. Be3 e5 9. d5 a5 10. Nd2 Bxe2 11. Qxe2 f5 12. f3 Na6 13. O-O-O Nac5 14. Kb1 a4 15. a3 Rf7 16. exf5 gxf5 17. g4 Qf6 18. gxf5 Qxf5+ 19. Ka2 Qc2 20. Rc1 Qd3 21. Qxd3 Nxd3 22. Rcg1 N7c5 23. Rg3 Kh8 24. Rhg1 Bf6 25. Nde4 Nxe4 26. Nxe4 Nf4 27. Bxf4 exf4 28. Rg4 Raf8 29. Kb1 b6 30. Kc2 Be7 31. Kd3 Bf6 32. R1g2 h6 33. Rg6 Bg7 34. Re6 Kh7 35. Nc3 Bxc3 36. Kxc3 Rg7 37. Rxg7+ Kxg7 38. Re7+ Kf6 39. Rxc7 Re8 40. Rd7 Re3+ 41. Kd4 Rxf3 42. Rxd6+ Kf5 43. Rxb6 Rf1 44. Rb8 Rd1+ 45. Kc5 f3 46. Rf8+ Ke4 47. d6 Rd2 48. Kc6 Rxh2 49. d7 Rd2 50. d8=Q Rxd8 51. Rxd8 h5 52. c5 h4 53. Kb5 f2 54. Rd1 1-0

[Event "FIDE Online Steinitz Memorial"]
[Site "chess24.com INT"]
[Date "2020.05.16"]
[Round "11"]
[White "Daniil Dubov"]
[Black "Shakhriyar Mamedyarov"]
[Result "1/2-1/2"]
[EventDate "2020.05.15"]
[WhiteElo "2699"]
[BlackElo "2764"]
[PlyCount "113"]

1. c4 e5 2. Nc3 Nc6 3. Nf3 Nf6 4. g3 Nd4 5. Bg2 Nxf3+ 6. Bxf3 Bc5 7. O-O O-O 8. d3 Re8 9. Bg2 c6 10. Bg5 h6 11. Bxf6 Qxf6 12. Ne4 Qe7 13. Nxc5 Qxc5 14. Qd2 a5 15. b3 d6 16. a3 Bf5 17. b4 axb4 18. axb4 Qb6 19. Qc3 Qd4 20. Qxd4 exd4 21. Bf3 g5 22. g4 Bd7 23. Rfb1 h5 24. h3 Kg7 25. Kg2 hxg4 26. hxg4 f5 27. gxf5 Bxf5 28. Kg3 Kf6 29. Rxa8 Rxa8 30. b5 Re8 31. bxc6 bxc6 32. Rb6 g4 33. Bxg4 Bxg4 34. Kxg4 Rxe2 35. Rxc6 Ke7 36. Rc7+ Kf6 37. Rc8 Ke7 38. f4 Re3 39. Kf5 Rxd3 40. Ke4 Rd1 41. Rc7+ Kd8 42. Rc6 Kd7 43. Kd5 Rf1 44. Rxd6+ Kc7 45. Kc5 Rxf4 46. Rxd4 Rxd4 47. Kxd4 Kd6 48. c5+ Kc6 49. Kc4 Kc7 50. Kd5 Kd7 51. c6+ Kc7 52. Kc5 Kc8 53. Kb5 Kc7 54. Kc5 Kc8 55. Kb6 Kb8 56. c7+ Kc8 57. Kc6 1/2-1/2

[Event "FIDE Online Steinitz Memorial"]
[Site "chess24.com INT"]
[Date "2020.05.16"]
[Round "12"]
[White "Anton Korobov"]
[Black "Daniil Dubov"]
[Result "1/2-1/2"]
[EventDate "2020.05.15"]
[WhiteElo "2688"]
[BlackElo "2699"]
[PlyCount "41"]

1. d4 Nf6 2. c4 e6 3. Nf3 d5 4. Nc3 c6 5. e3 Nbd7 6. Be2 b6 7. O-O Bb7 8. b3 Be7 9. Bb2 O-O 10. Qc2 Rc8 11. Rad1 Re8 12. e4 dxe4 13. Nxe4 Nxe4 14. Qxe4 Qc7 15. Bd3 Nf6 16. Qh4 h6 17. c5 Nd5 18. Qe4 Nf6 19. Qh4 Nd5 20. Qe4 Nf6 21. Qh4 1/2-1/2

[Event "FIDE Online Steinitz Memorial"]
[Site "chess24.com INT"]
[Date "2020.05.15"]
[Round "1"]
[White "Daniil Dubov"]
[Black "Le Quang Liem"]
[Result "1/2-1/2"]
[EventDate "2020.05.15"]
[WhiteElo "2699"]
[BlackElo "2709"]
[PlyCount "95"]

1. d4 Nf6 2. Nf3 e6 3. c4 b6 4. g3 Bb7 5. Bg2 Be7 6. O-O O-O 7. d5 exd5 8. Nd4 c6 9. cxd5 Nxd5 10. e4 Nc7 11. Nc3 d5 12. Bf4 Nba6 13. Nxc6 Bxc6 14. exd5 Bb7 15. d6 Bxg2 16. dxe7 Qxe7 17. Kxg2 Rfd8 18. Qf3 Ne6 19. Be3 Nac5 20. Rad1 Qb7 21. Nd5 Rab8 22. Rd2 Re8 23. Rfd1 Nd7 24. Kg1 h6 25. h4 Ne5 26. Qe4 Nc5 27. Qf5 Qc8 28. Qxc8 Rbxc8 29. Kg2 Nc4 30. Rc2 Nxe3+ 31. Nxe3 Kf8 32. b4 Ne6 33. Rxc8 Rxc8 34. h5 Ke7 35. f4 Rd8 36. Rxd8 Nxd8 37. Kf3 Nc6 38. a3 g6 39. hxg6 fxg6 40. Ke4 Ke6 41. g4 h5 42. f5+ gxf5+ 43. gxf5+ Kf6 44. Nd5+ Kg5 45. f6 Kg6 46. Nf4+ Kxf6 47. Nxh5+ Ke6 48. Nf4+ 1/2-1/2

[Event "FIDE Online Steinitz Memorial"]
[Site "chess24.com INT"]
[Date "2020.05.15"]
[Round "2"]
[White "Shakhriyar Mamedyarov"]
[Black "Daniil Dubov"]
[Result "0-1"]
[EventDate "2020.05.15"]
[WhiteElo "2764"]
[BlackElo "2699"]
[PlyCount "54"]

1. d4 d5 2. c4 e6 3. Nc3 c6 4. e3 Nf6 5. Nf3 Nbd7 6. Qc2 a5 7. h3 Be7 8. g4 dxc4 9. Bxc4 b5 10. Bd3 b4 11. Ne4 Nxe4 12. Bxe4 Bb7 13. Nd2 Rc8 14. a3 O-O 15. Bxh7+ Kh8 16. Be4 Ba6 17. Bd3 Bb7 18. Be4 Nf6 19. O-O Nxe4 20. Nxe4 c5 21. Nxc5 Bxc5 22. dxc5 f5 23. axb4 Bf3 24. Kh2 Qc7+ 25. Kg1 fxg4 26. hxg4 Qe7 27. Qg6 Rf6 0-1

[Event "FIDE Online Steinitz Memorial"]
[Site "chess24.com INT"]
[Date "2020.05.15"]
[Round "3"]
[White "Daniil Dubov"]
[Black "Anton Korobov"]
[Result "1/2-1/2"]
[EventDate "2020.05.15"]
[WhiteElo "2699"]
[BlackElo "2688"]
[PlyCount "46"]

1. d4 d5 2. c4 c6 3. Nf3 Nf6 4. Nc3 e6 5. g3 dxc4 6. Bg2 Nbd7 7. O-O Be7 8. e4 O-O 9. Bf4 Re8 10. a4 a5 11. Qc2 b6 12. Rad1 Bb7 13. h4 h6 14. Rfe1 Rc8 15. Qc1 Bf8 16. Qc2 Qe7 17. Bc1 Qb4 18. Bd2 Qb3 19. Qc1 b5 20. Bf4 Qb4 21. Bd2 Qb3 22. Bf4 Qb4 23. Bd2 Qb3 1/2-1/2

[Event "FIDE Online Steinitz Memorial"]
[Site "chess24.com INT"]
[Date "2020.05.15"]
[Round "4.4"]
[White "David Anton Guijarro"]
[Black "Daniil Dubov"]
[Result "1/2-1/2"]
[EventDate "2020.05.15"]
[WhiteElo "2703"]
[BlackElo "2699"]
[PlyCount "73"]

1. Nf3 d5 2. b3 Nf6 3. Bb2 Nbd7 4. g3 g6 5. c4 c6 6. Bg2 Bg7 7. O-O O-O 8. d4 Ne4 9. e3 Ndf6 10. Ne5 Bf5 11. f3 Nd6 12. c5 Bxb1 13. Rxb1 Nf5 14. Qe2 Nd7 15. Nd3 b6 16. b4 a5 17. a3 axb4 18. axb4 bxc5 19. bxc5 Qc7 20. Bh3 e6 21. Ra1 Rfb8 22. Bc3 h5 23. Kg2 Rxa1 24. Rxa1 Rb3 25. Bxf5 exf5 26. Qc2 Qb7 27. Ra2 Qb5 28. Rb2 Rxb2 29. Bxb2 Bh6 30. Bc1 Nf8 31. h4 Ne6 32. Bd2 Bg7 33. Bc1 Bf6 34. Bb2 Bg7 35. Bc1 Bf6 36. Bb2 Bg7 37. Bc1 1/2-1/2

[Event "FIDE Online Steinitz Memorial"]
[Site "chess24.com INT"]
[Date "2020.05.15"]
[Round "5.2"]
[White "Daniil Dubov"]
[Black "Alexander Grischuk"]
[Result "1-0"]
[EventDate "2020.05.15"]
[WhiteElo "2699"]
[BlackElo "2777"]
[PlyCount "101"]

1. e4 c5 2. Nf3 d6 3. d4 cxd4 4. Nxd4 Nf6 5. Nc3 a6 6. Bg5 e6 7. f4 Nbd7 8. Qf3 Qc7 9. O-O-O b5 10. Bxf6 Nxf6 11. e5 Bb7 12. Qh3 dxe5 13. Ncxb5 Qb6 14. fxe5 Ne4 15. Qb3 Bc5 16. Nd6+ Nxd6 17. Qxb6 Bxb6 18. exd6 O-O 19. c4 Rfd8 20. b4 Rxd6 21. c5 Rc8 22. Bc4 Bxc5 23. bxc5 Rxc5 24. Nc2 Rxd1+ 25. Rxd1 g5 26. Bxe6 Bxg2 27. Rd8+ Kg7 28. Rd7 Be4 29. Rxf7+ Kg6 30. Rf2 h5 31. Bf7+ Kh6 32. Bb3 g4 33. Kd2 Kg5 34. Nd4 Kh4 35. Rf4 Bb1 36. Rf1 Be4 37. Rf2 a5 38. Ke3 Bb1 39. Kf4 a4 40. Be6 a3 41. Rd2 Rc1 42. Rf2 Re1 43. Bf5 Bxf5 44. Nxf5+ Kh3 45. Ng3 h4 46. Ne4 Rxe4+ 47. Kxe4 g3 48. hxg3 hxg3 49. Rf3 Kh2 50. Rxa3 g2 51. Ra8 1-0

[Event "FIDE Online Steinitz Memorial"]
[Site "chess24.com INT"]
[Date "2020.05.15"]
[Round "6.5"]
[White "Bu Xiangzhi"]
[Black "Daniil Dubov"]
[Result "1-0"]
[EventDate "2020.05.15"]
[WhiteElo "2705"]
[BlackElo "2699"]
[PlyCount "157"]

1. Nf3 d5 2. d4 Nf6 3. c4 e6 4. Nc3 c6 5. e3 Nbd7 6. Qc2 a5 7. Be2 dxc4 8. Bxc4 b5 9. Be2 Bb7 10. O-O Rc8 11. Rd1 b4 12. Na4 c5 13. dxc5 Be4 14. Qc4 Bd5 15. Qf4 Be7 16. b3 Ne4 17. h4 Bf6 18. Rb1 Nc3 19. Nxc3 bxc3 20. Bd3 Nxc5 21. Bc2 O-O 22. Ba3 Qc7 23. Qxc7 Rxc7 24. Rbc1 Rb8 25. h5 h6 26. Nd4 Be7 27. Bxc5 Bxc5 28. Ne2 Ba3 29. Rb1 Bb2 30. e4 Bb7 31. f3 Bc6 32. Kf2 Ra7 33. Nf4 a4 34. Nd3 axb3 35. axb3 Ra2 36. Nxb2 cxb2 37. Rd2 Rb7 38. Bd1 Rd7 39. Rxd7 Bxd7 40. Ke2 Ra1 41. Rxb2 Bb5+ 42. Kd2 g5 43. Be2 Bc6 44. b4 Kf8 45. b5 Bb7 46. Rc2 Ke8 47. Rc7 Ra2+ 48. Ke3 Ba8 49. Bc4 Ra3+ 50. Kd4 Ra4 51. Kc5 Ra1 52. b6 Kf8 53. b7 Bxb7 54. Rxb7 Rg1 55. g4 Rg3 56. Rb3 Kg7 57. Kd4 Kf6 58. Ke3 Rg1 59. Be2 Ra1 60. Rb5 Ra3+ 61. Bd3 Ra4 62. e5+ Kg7 63. Rb7 Ra5 64. f4 gxf4+ 65. Kxf4 Ra4+ 66. Be4 Kf8 67. Rb8+ Kg7 68. Rd8 Rb4 69. Ke3 Rb5 70. Kf4 Rb4 71. Rd3 Ra4 72. Rc3 Rb4 73. Rc7 Ra4 74. Ke3 Ra3+ 75. Kf2 Kf8 76. g5 hxg5 77. h6 Rh3 78. Rc8+ Ke7 79. h7 1-0

[Event "World Rapid Championship"]
[Site "Moscow RUS"]
[Date "2019.12.28"]
[Round "11.11"]
[White "Sanan Sjugirov"]
[Black "Daniil Dubov"]
[Result "0-1"]
[EventDate "2019.12.26"]
[WhiteElo "2665"]
[BlackElo "2690"]
[PlyCount "56"]

1. d4 Nf6 2. c4 e6 3. Nf3 d5 4. Nc3 Bb4 5. Qa4+ Nc6 6. e3 O-O 7. Qc2 Bd6 8. c5 Be7 9. Bb5 Bd7 10. a3 a6 11. Be2 a5 12. Rb1 a4 13. Bb5 Qe8 14. O-O Ne4 15. Bd3 f5 16. Nxa4 Rf6 17. Nc3 Rh6 18. Ne2 g5 19. Ng3 g4 20. Nd2 Nxg3 21. fxg3 Qh5 22. h4 gxh3 23. Nf3 Kh8 24. gxh3 Rg8 25. Qh2 Rhg6 26. g4 fxg4 27. hxg4 Qxg4+ 28. Kh1 Rh6 0-1